[Event "Rated Blitz tournament YtuHIWbJ"]
[Site "?"]
[Date "2021.06.12"]
[Round "?"]
[White "InvisibleKoT"]
[Black "vanyogt"]
[Result "1/2-1/2"]
[WhiteElo "2581"]
[BlackElo "2429"]
[PlyCount "129"]
[EventDate "2021.??.??"]
[EventType "blitz"]

1. e4 e5 2. Nf3 Nc6 3. c3 Nf6 4. d4 d6 5. Bd3 Be7 6. Qe2 Bg4 7. O-O Bxf3 8.
Qxf3 exd4 9. Qg3 O-O 10. cxd4 Nxd4 11. Be3 Nc6 12. Nc3 d5 13. exd5 Nxd5 14.
Nxd5 Qxd5 15. Rad1 Qxa2 16. Qxc7 Bf6 17. Qxb7 Ne5 18. Qe4 Nxd3 19. Rxd3 Qxb2
20. Rfd1 a5 21. R3d2 Qb3 22. Rb1 Qe6 23. Qa4 Qf5 24. Rb5 Qg6 25. g3 Bc3 26. Rd1
Bb4 27. Bd2 Rad8 28. Bxb4 Rxd1+ 29. Qxd1 axb4 30. Rxb4 h5 31. Rb7 h4 32. Qf3
hxg3 33. hxg3 Rc8 34. Kg2 Qe6 35. Rb5 Qc6 36. Rd5 g6 37. Rd8+ Kg7 38. Rxc8 Qxc8
39. Qd3 Qe6 40. f3 Qf6 41. f4 Qe6 42. Kf3 f5 43. Qd4+ Kf7 44. Qa7+ Kf6 45. Qd4+
Kf7 46. Qb4 Qd5+ 47. Kf2 Ke6 48. Qb6+ Kf7 49. Qc7+ Kf6 50. Qb6+ Qe6 51. Qc5 g5
52. fxg5+ Kxg5 53. Qf8 Qb6+ 54. Kf3 Qb3+ 55. Kf2 Qc2+ 56. Kf3 Qd1+ 57. Ke3 Qe1+
58. Kd3 Qxg3+ 59. Ke2 Qe5+ 60. Kf2 f4 61. Qg8+ Kf5 62. Qf7+ Kg5 63. Qg8+ Kf5
64. Qh7+ Kg5 65. Qg8+ {Normal} 1/2-1/2

[Event "Rated Blitz game"]
[Site "?"]
[Date "2021.06.12"]
[Round "?"]
[White "magos33"]
[Black "samiii125"]
[Result "1-0"]
[WhiteElo "2434"]
[BlackElo "2343"]
[PlyCount "85"]
[EventDate "2021.??.??"]
[EventType "blitz"]

1. e4 e5 2. Nf3 Nc6 3. c3 d5 4. Qa4 dxe4 5. Nxe5 Qd5 6. Bb5 Bd7 7. Nxd7 Qxd7 8.
Qxe4+ Be7 9. d4 Nf6 10. Qf3 O-O 11. O-O a6 12. Bxc6 bxc6 13. Bg5 Rab8 14. b3 c5
15. Bxf6 Bxf6 16. dxc5 Qb5 17. Nd2 Qxc5 18. Ne4 Qe5 19. Nxf6+ Qxf6 20. Qxf6
gxf6 21. Rad1 a5 22. Rd7 Rfc8 23. Rfd1 a4 24. b4 c5 25. a3 cxb4 26. cxb4 Rc3
27. R7d3 Rbc8 28. g3 Kg7 29. Kg2 Rxd3 30. Rxd3 Rc2 31. h4 Rb2 32. Kf3 Rb3 33.
Ke4 f5+ 34. Kd4 Rb2 35. f4 Kf6 36. Kc4 Kg7 37. b5 f6 38. Rd7+ Kg6 39. Ra7 Rb3
40. Rxa4 Rxg3 41. b6 Rg4 42. b7 Rxf4+ 43. Kb5 {Normal} 1-0

[Event "Rated Blitz game"]
[Site "?"]
[Date "2021.06.12"]
[Round "?"]
[White "Mulika13"]
[Black "FeedTheTweed"]
[Result "1/2-1/2"]
[WhiteElo "2508"]
[BlackElo "2514"]
[PlyCount "113"]
[EventDate "2021.??.??"]
[EventType "blitz"]

1. e4 e5 2. Nf3 Nc6 3. c3 Nf6 4. d4 exd4 5. e5 Nd5 6. Bc4 Nb6 7. Bb3 dxc3 8.
Nxc3 Bb4 9. Bg5 Be7 10. h4 h6 11. Bf4 O-O 12. Qd2 d6 13. exd6 Bxd6 14. Bxd6
Qxd6 15. Qxd6 cxd6 16. O-O-O Bg4 17. Rxd6 Bxf3 18. gxf3 Rad8 19. Rhd1 Rxd6 20.
Rxd6 Rd8 21. Ne4 Kf8 22. Kd2 Ke7 23. Rxd8 Nxd8 24. Ke3 Ne6 25. Bxe6 fxe6 26. b3
Nd5+ 27. Kd4 Nb4 28. a4 Nc6+ 29. Ke3 b6 30. f4 Na5 31. b4 Nc6 32. b5 Na5 33.
Kd4 Nb3+ 34. Ke5 Na5 35. f5 exf5 36. Kxf5 Nc4 37. Kg6 Kf8 38. f4 Nb2 39. Nc3
Nd3 40. Nd5 Nc5 41. f5 Nxa4 42. f6 gxf6 43. Kxf6 Nc5 44. Kg6 Ne4 45. Kxh6 Nd6
46. Nc3 Nf5+ 47. Kg5 Nxh4 48. Kxh4 Ke7 49. Kg4 Kd6 50. Kf4 Kc5 51. Ke3 Kb4 52.
Kd3 Ka5 53. Kc4 a6 54. bxa6 Kxa6 55. Nb5 Ka5 56. Nc3 b5+ 57. Nxb5 {Normal}
1/2-1/2

[Event "Rated Blitz game"]
[Site "?"]
[Date "2021.06.12"]
[Round "?"]
[White "magos33"]
[Black "UFO2020"]
[Result "1-0"]
[WhiteElo "2410"]
[BlackElo "2380"]
[PlyCount "107"]
[EventDate "2021.??.??"]
[EventType "blitz"]

1. e4 e5 2. Nf3 Nc6 3. c3 Nf6 4. d4 Nxe4 5. d5 Bc5 6. dxc6 Bxf2+ 7. Ke2 Bb6 8.
Qd5 Nf2 9. cxb7 Bxb7 10. Qxb7 Nxh1 11. Be3 O-O 12. g3 Rb8 13. Qe4 Bxe3 14. Qxe3
Rxb2+ 15. Nbd2 e4 16. Nd4 Qc8 17. Bg2 Qa6+ 18. Ke1 Rxa2 19. Rb1 Ra1 20. Bxh1
Qa2 21. Qxe4 d5 22. Qc2 Re8+ 23. Kd1 Rxb1+ 24. Qxb1 Qa6 25. Bxd5 c5 26. Nb5
Qa4+ 27. Qb3 Qg4+ 28. Kc2 Qf5+ 29. Kb2 Re2 30. Bxf7+ Qxf7 31. Qxf7+ Kxf7 32.
Kc2 a6 33. Nc7 Rxh2 34. Nxa6 c4 35. Nc5 Rg2 36. Nce4 h5 37. Kd1 Ke6 38. Nxc4
Kd5 39. Ne3+ Kxe4 40. Nxg2 Kf3 41. c4 Kxg2 42. c5 Kxg3 43. c6 h4 44. c7 h3 45.
c8=Q h2 46. Qc7+ Kg2 47. Qc6+ Kg1 48. Qg6+ Kf2 49. Qh5 Kg1 50. Qg4+ Kf2 51. Qh3
Kg1 52. Qg3+ Kh1 53. Qf2 g5 54. Qf1# {Normal} 1-0

[Event "Rated Blitz game"]
[Site "?"]
[Date "2021.06.12"]
[Round "?"]
[White "Lord_voldimort"]
[Black "JohnLeCook"]
[Result "0-1"]
[WhiteElo "2430"]
[BlackElo "2570"]
[PlyCount "84"]
[EventDate "2021.??.??"]
[EventType "blitz"]

1. e4 e5 2. Nf3 Nc6 3. c3 d5 4. Qa4 dxe4 5. Nxe5 Bd6 6. Nxc6 bxc6 7. Qxc6+ Bd7
8. Qxe4+ Ne7 9. Bd3 Bc6 10. Qg4 Kf8 11. O-O Bxh2+ 12. Kxh2 Qxd3 13. Re1 h5 14.
Qe2 Qd6+ 15. Qe5 Qxe5+ 16. Rxe5 f6 17. Re1 Nf5 18. d4 Nh4 19. f3 Bxf3 20. Kg3
Nxg2 21. Rg1 Bb7 22. Rxg2 h4+ 23. Kh2 Bxg2 24. Kxg2 g5 25. Nd2 Re8 26. Nf1 g4
27. b3 Re2+ 28. Kg1 c6 29. Ba3+ Kf7 30. Bd6 g3 31. a4 Ke6 32. Bf4 Kf5 33. Bd6
Kg4 34. Rd1 f5 35. d5 cxd5 36. Rxd5 f4 37. Rd2 Rxd2 38. Nxd2 Rd8 39. Nc4 h3 40.
b4 h2+ 41. Kg2 f3+ 42. Kh1 Kh3 {Normal} 0-1

[Event "Rated Blitz tournament bRgENlMf"]
[Site "?"]
[Date "2021.06.12"]
[Round "?"]
[White "Comon"]
[Black "varunvar"]
[Result "0-1"]
[WhiteElo "2576"]
[BlackElo "2332"]
[PlyCount "46"]
[EventDate "2021.??.??"]
[EventType "blitz"]

1. e4 e5 2. Nf3 Nc6 3. c3 Nf6 4. d4 exd4 5. e5 Ne4 6. cxd4 d5 7. Bb5 Be7 8.
Bxc6+ bxc6 9. Nbd2 O-O 10. Qc2 Bf5 11. Qxc6 Rb8 12. O-O Rb6 13. Qa4 Nxd2 14.
Bxd2 Rxb2 15. Qxa7 Be4 16. Ba5 Bxf3 17. Bxc7 Qd7 18. gxf3 Bd8 19. Bb6 Qh3 20.
Bxd8 Rxd8 21. Qa5 Rbb8 22. Qc3 Rb6 23. e6 Rxe6 {Normal} 0-1

[Event "Rated Blitz game"]
[Site "?"]
[Date "2021.06.12"]
[Round "?"]
[White "Sadegh_mahmoody1971"]
[Black "SAPOCERO"]
[Result "0-1"]
[WhiteElo "2406"]
[BlackElo "2595"]
[PlyCount "82"]
[EventDate "2021.??.??"]
[EventType "blitz"]

1. e4 e5 2. Nf3 Nc6 3. c3 d5 4. exd5 Qxd5 5. d3 Nf6 6. Nbd2 g6 7. Be2 Bg7 8.
O-O O-O 9. h3 b6 10. Qb3 Bb7 11. Qxd5 Nxd5 12. Nc4 Rfe8 13. a4 Rad8 14. Rd1 h6
15. Bd2 g5 16. g3 f5 17. h4 g4 18. Nh2 h5 19. Bg5 Bf6 20. Bxf6 Nxf6 21. Ne3 Bc8
22. b4 f4 23. Nc4 f3 24. Bf1 e4 25. d4 Nd5 26. Rac1 Nce7 27. Ne5 Nf5 28. Bc4
Be6 29. Nc6 Rd6 30. b5 e3 31. Bxd5 Bxd5 32. fxe3 Rxe3 33. Nf1 Re2 34. Rd2 Bxc6
35. bxc6 Rxc6 36. d5 Rc5 37. c4 Re4 38. Rdc2 Nd4 39. Rb2 Ne2+ 40. Rxe2 fxe2 41.
Nd2 e1=Q+ {Normal} 0-1

[Event "Rated Blitz game"]
[Site "?"]
[Date "2021.06.12"]
[Round "?"]
[White "Patzer_Matzer"]
[Black "kichot78"]
[Result "0-1"]
[WhiteElo "2456"]
[BlackElo "2592"]
[PlyCount "42"]
[EventDate "2021.??.??"]
[EventType "blitz"]

1. e4 e5 2. Nf3 Nc6 3. c3 Nf6 4. d3 d5 5. exd5 Nxd5 6. Be2 g6 7. O-O Bg7 8.
Nbd2 a5 9. Ne4 h6 10. Ng3 O-O 11. d4 exd4 12. cxd4 Bg4 13. Be3 Re8 14. Qd2 Nxe3
15. fxe3 Qe7 16. Rae1 Qxe3+ 17. Qxe3 Rxe3 18. Kf2 Rae8 19. Bb5 Rxe1 20. Rxe1
Rxe1 21. Kxe1 Bxf3 {Normal} 0-1

[Event "Rated Blitz game"]
[Site "?"]
[Date "2021.06.12"]
[Round "?"]
[White "wader51"]
[Black "pablo806"]
[Result "1-0"]
[WhiteElo "2454"]
[BlackElo "2400"]
[PlyCount "67"]
[EventDate "2021.??.??"]
[EventType "blitz"]

1. e4 e5 2. Nf3 Nc6 3. c3 d6 4. d4 Nf6 5. Bb5 Bd7 6. O-O a6 7. Ba4 b5 8. Bb3 h6
9. a4 Na5 10. Bc2 Be7 11. Nbd2 Nc4 12. Nxc4 bxc4 13. dxe5 dxe5 14. Nxe5 O-O 15.
Nxd7 Qxd7 16. Qe2 Qc6 17. e5 Nd5 18. Qe4 g6 19. Bxh6 Rfe8 20. Rad1 Rad8 21. e6
Qxe6 22. Qxe6 fxe6 23. Bxg6 Nf6 24. Bxe8 Rxe8 25. Bg5 Ng4 26. Bxe7 Rxe7 27. Rd4
Ne5 28. Re1 Nd3 29. Re2 e5 30. Rxc4 e4 31. Rcxe4 Rd7 32. Rd4 Rxd4 33. cxd4 Nxb2
34. Rxb2 {Normal} 1-0

[Event "Rated Blitz game"]
[Site "?"]
[Date "2021.06.12"]
[Round "?"]
[White "mandarria"]
[Black "ellatigodepulido"]
[Result "0-1"]
[WhiteElo "2445"]
[BlackElo "2404"]
[PlyCount "54"]
[EventDate "2021.??.??"]
[EventType "blitz"]

1. e4 e5 2. Nf3 Nc6 3. c3 Nf6 4. d4 Nxe4 5. d5 Bc5 6. dxc6 Bxf2+ 7. Ke2 Bb6 8.
Be3 bxc6 9. Nbd2 Ba6+ 10. c4 Nxd2 11. Nxd2 O-O 12. b3 d5 13. Ke1 Bxe3 14. Bd3
e4 15. Be2 Qg5 16. g3 Qf6 17. Rf1 Bxd2+ 18. Kxd2 Qh6+ 19. Kc2 Rad8 20. Qe1 d4
21. Bd1 f5 22. Qa5 d3+ 23. Kb2 c5 24. Qxc5 Qd2+ 25. Ka3 e3 26. Rxf5 Rxf5 27.
Qxf5 e2 {Time forfeit} 0-1

[Event "Rated Blitz game"]
[Site "?"]
[Date "2021.06.12"]
[Round "?"]
[White "branimir2000"]
[Black "superguti"]
[Result "1-0"]
[WhiteElo "2308"]
[BlackElo "2445"]
[PlyCount "107"]
[EventDate "2021.??.??"]
[EventType "blitz"]

1. e4 e5 2. Nf3 Nc6 3. c3 d5 4. Qa4 dxe4 5. Nxe5 Qd5 6. Bb5 Bd7 7. Nxd7 Kxd7 8.
O-O Nf6 9. d4 exd3 10. Bxd3 Bd6 11. Qc2 Rae8 12. Nd2 Kc8 13. Nf3 Qh5 14. h3 g6
15. Bd2 Ne5 16. Nxe5 Qxe5 17. f4 Qh5 18. Rae1 Rxe1 19. Rxe1 Re8 20. Rxe8+ Nxe8
21. Qc1 Ng7 22. Qe1 Ne6 23. Be2 Qc5+ 24. Kh1 Nxf4 25. Bxf4 Bxf4 26. Bg4+ Kd8
27. Qd1+ Qd6 28. Qxd6+ Bxd6 29. b3 f5 30. Bf3 c6 31. Kg1 Ke7 32. Kf2 Kf6 33.
Ke3 Ke5 34. c4 g5 35. g4 f4+ 36. Kd3 h6 37. Be4 Bb4 38. Bf3 a5 39. Be4 Kd6 40.
Bf3 Kc5 41. Be4 b5 42. cxb5 cxb5 43. Bf3 a4 44. bxa4 bxa4 45. Ke2 Kd4 46. Bc6
a3 47. Kf3 Kd3 48. Bd5 Bc5 49. Bb3 Kd2 50. Bf7 Ke1 51. Bc4 Bd4 52. Bb5 Be3 53.
Bc4 Kd1 54. Bb5 {Normal} 1-0

[Event "Rated Blitz game"]
[Site "?"]
[Date "2021.06.12"]
[Round "?"]
[White "ogbeks"]
[Black "pykhon"]
[Result "0-1"]
[WhiteElo "2282"]
[BlackElo "2460"]
[PlyCount "152"]
[EventDate "2021.??.??"]
[EventType "blitz"]

1. e4 e5 2. Nf3 Nc6 3. c3 d5 4. d3 dxe4 5. dxe4 Qxd1+ 6. Kxd1 Bg4 7. Be2 O-O-O+
8. Nbd2 Nf6 9. Kc2 Bc5 10. Rf1 Nd7 11. h3 Bh5 12. Nc4 Bg6 13. Ncd2 f6 14. Nh4
Bf7 15. Bc4 Bxc4 16. Nxc4 Nb6 17. Ne3 Rd7 18. a4 Rhd8 19. a5 Bxe3 20. Bxe3 Nc4
21. b4 Nxe3+ 22. fxe3 Rd2+ 23. Kb3 Re2 24. Rae1 Rxe1 25. Rxe1 Rd2 26. Kc4 Kd7
27. a6 bxa6 28. Ra1 a5 29. bxa5 a6 30. Kb3 Na7 31. Ra2 Rxa2 32. Kxa2 Nb5 33.
Kb3 Nd6 34. Nf5 Ne8 35. c4 g6 36. Ng3 Nd6 37. Kb4 Kc6 38. h4 h5 39. c5 Nb7 40.
Ne2 Nxc5 41. Nc3 Nd3+ 42. Kc4 Nf2 43. g3 Kd6 44. Kb4 c6 45. Kc4 g5 46. hxg5
fxg5 47. Kb4 h4 48. gxh4 gxh4 49. Ne2 h3 50. Ng3 h2 51. Nf5+ Kd7 52. Ng3 h1=Q
53. Nxh1 Nxh1 54. Kc5 Kc7 55. Kc4 Kd6 56. Kd3 Nf2+ 57. Kc4 Nxe4 58. Kd3 Nc5+
59. Kc4 Nb7 60. Kb4 Kd5 61. Ka4 Kc4 62. e4 Nc5+ 63. Ka3 Nxe4 64. Kb2 Kb5 65.
Kc2 Kxa5 66. Kd3 Nd6 67. Ke3 Kb5 68. Kd2 c5 69. Kc3 c4 70. Kb2 Kc5 71. Ka3 Kd4
72. Ka4 c3 73. Kb4 c2 74. Kb3 c1=Q 75. Ka4 Qc4+ 76. Ka5 Qb5# {Normal} 0-1

[Event "Rated Blitz tournament WO0bPpDd"]
[Site "?"]
[Date "2021.06.12"]
[Round "?"]
[White "maratgil"]
[Black "I-Maksim2010"]
[Result "1-0"]
[WhiteElo "2419"]
[BlackElo "2265"]
[PlyCount "147"]
[EventDate "2021.??.??"]
[EventType "blitz"]

1. e4 e5 2. Nf3 Nc6 3. c3 Nf6 4. d4 exd4 5. e5 Nd5 6. cxd4 d6 7. Nc3 dxe5 8.
dxe5 Nxc3 9. Qxd8+ Kxd8 10. bxc3 Bg4 11. Bg5+ Be7 12. O-O-O+ Ke8 13. Bxe7 Kxe7
14. Be2 Rad8 15. h3 Be6 16. a3 Na5 17. Nd4 Nb3+ 18. Kb2 Nc5 19. Bf3 c6 20. Rhe1
Bc4 21. Nf5+ Ke6 22. Nxg7+ Ke7 23. Nf5+ Ke6 24. Nd4+ Ke7 25. Kc2 Rhg8 26. Bg4
Bd3+ 27. Rxd3 Nxd3 28. Kxd3 c5 29. Ke4 cxd4 30. cxd4 h5 31. Bf3 Ke6 32. Rb1 Rd7
33. g4 Rgd8 34. Rd1 h4 35. g5 Rd5 36. Ke3 Ra5 37. Rd3 Kf5 38. Bxb7 Kxg5 39. f4+
Kf5 40. Be4+ Ke6 41. f5+ Ke7 42. Kf4 f6 43. e6 Rg8 44. Rb3 Kd6 45. Rb7 Rd8 46.
Rf7 Rxa3 47. Rxf6 Rxh3 48. Rf7 Rg3 49. Rxa7 Rgg8 50. Ra6+ Ke7 51. Ra7+ Kd6 52.
Rh7 Rh8 53. Ra7 h3 54. Ra6+ Ke7 55. Ke5 Kf8 56. Ra7 Re8 57. Rf7+ Kg8 58. d5 h2
59. Bh1 Ra8 60. d6 Ra5+ 61. Kf6 Rh6+ 62. Ke7 Rh4 63. d7 Ra7 64. f6 Rg4 65. Rf8+
Kh7 66. f7 Rg1 67. Rh8+ Kxh8 68. f8=Q+ Kh7 69. Be4+ Rg6 70. Qf7+ Kh8 71. Qxg6
Rxd7+ 72. Kxd7 h1=Q 73. Qe8+ Kg7 74. Bxh1 {Normal} 1-0

[Event "Rated Blitz game"]
[Site "?"]
[Date "2021.06.12"]
[Round "?"]
[White "Medion72"]
[Black "Kudritsky_Maksim_04"]
[Result "0-1"]
[WhiteElo "2448"]
[BlackElo "2456"]
[PlyCount "142"]
[EventDate "2021.??.??"]
[EventType "blitz"]

1. e4 e5 2. Nf3 Nc6 3. c3 Nf6 4. d4 d6 5. Bb5 Bd7 6. O-O Be7 7. Re1 Nb8 8. Bd3
Nc6 9. h3 O-O 10. Nbd2 a6 11. Nf1 Re8 12. a4 Bf8 13. a5 g6 14. Ng3 Bg7 15. d5
Ne7 16. c4 Rf8 17. b4 Ne8 18. c5 f5 19. Ba3 h6 20. Rc1 Kh7 21. Qc2 fxe4 22.
Nxe4 Nxd5 23. cxd6 cxd6 24. Nxd6 Nxd6 25. Bxg6+ Kh8 26. Rcd1 Rc8 27. Qb3 Be6
28. Rxd5 Bxd5 29. Qxd5 Nc4 30. Qxd8 Rfxd8 31. Bc1 Rd5 32. Be4 Rb5 33. Nh4 Rd8
34. Nf5 Kg8 35. Bxh6 Bxh6 36. Nxh6+ Kg7 37. Nf5+ Kf6 38. g4 Nd2 39. Kg2 Rxb4
40. f3 Nxe4 41. fxe4 Rd2+ 42. Kg3 Rb3+ 43. Kh4 Rh2 44. Ng3 Ra3 45. Rf1+ Ke6 46.
Rb1 Rxa5 47. Rb6+ Kd7 48. Rxb7+ Kc6 49. Re7 Rc5 50. Kg5 Rxh3 51. Nf5 a5 52.
Re6+ Kb5 53. Ne7 Re3 54. Kf5 Rf3+ 55. Kg5 Rf4 56. Nd5 Rxe4 57. Kf5 Kc4 58. Rxe5
Rxe5+ 59. Kxe5 Rxd5+ 60. Ke6 a4 61. g5 Rxg5 62. Kd6 a3 63. Ke6 a2 64. Kf6 a1=Q+
65. Kxg5 Qe5+ 66. Kg6 Qf4 67. Kh5 Qg3 68. Kh6 Kd5 69. Kh7 Ke6 70. Kh8 Kf6 71.
Kh7 Qg7# {Normal} 0-1

[Event "Rated Blitz game"]
[Site "?"]
[Date "2021.06.12"]
[Round "?"]
[White "Buzilo"]
[Black "Brachi"]
[Result "0-1"]
[WhiteElo "2366"]
[BlackElo "2456"]
[PlyCount "64"]
[EventDate "2021.??.??"]
[EventType "blitz"]

1. e4 e5 2. Nf3 Nc6 3. c3 Nf6 4. d4 exd4 5. e5 Ne4 6. Bc4 d5 7. exd6 Nxd6 8.
Bb3 Qe7+ 9. Kf1 Bg4 10. cxd4 O-O-O 11. Be3 Nf5 12. Nbd2 Nxe3+ 13. fxe3 Qxe3 14.
Qe1 Qd3+ 15. Qe2 Qxe2+ 16. Kxe2 Nxd4+ 17. Kf2 Nxb3 18. Nxb3 Be7 19. Ne5 Be6 20.
Rhe1 Bf6 21. Kg1 Rd5 22. Nf3 Rhd8 23. Re2 Rd1+ 24. Rxd1 Rxd1+ 25. Kf2 Rb1 26.
Nfd4 Bxb3 27. Nxb3 Rxb2 28. Rxb2 Bxb2 29. Kf3 b6 30. Ke4 Kd7 31. Nd2 Ke6 32.
Nf3 f6 {Normal} 0-1

[Event "Rated Blitz game"]
[Site "?"]
[Date "2021.06.12"]
[Round "?"]
[White "eduardo_tunguia"]
[Black "Majortchik"]
[Result "1-0"]
[WhiteElo "2426"]
[BlackElo "2498"]
[PlyCount "111"]
[EventDate "2021.??.??"]
[EventType "blitz"]

1. e4 e5 2. Nf3 Nc6 3. c3 f5 4. d3 Nf6 5. Bg5 Be7 6. Bxf6 Bxf6 7. Qc2 d5 8.
Nbd2 a5 9. Be2 O-O 10. O-O Kh8 11. exd5 Qxd5 12. d4 exd4 13. Bc4 Qc5 14. cxd4
Nxd4 15. Nxd4 Bxd4 16. Nb3 Qb6 17. Nxd4 Qxd4 18. Rad1 Qf6 19. Rfe1 a4 20. a3
Ra5 21. Qd2 Rc5 22. Qb4 Qc6 23. Bd5 Qb5 24. Qd4 b6 25. Re7 Rf6 26. Bc4 Qxc4 27.
Re8+ Qg8 28. Rxg8+ Kxg8 29. Qxa4 Rf8 30. Qf4 h6 31. h4 Kh7 32. b4 Rc3 33. a4
Be6 34. a5 Rc4 35. Rd4 b5 36. Rxc4 bxc4 37. Qxc7 Rc8 38. Qd6 Bg8 39. Qd7 Rb8
40. Qxf5+ Kh8 41. b5 c3 42. b6 c2 43. Qc5 Bh7 44. Kf1 Rd8 45. b7 Bd3+ 46. Ke1
Kh7 47. Kd2 Be4+ 48. Ke3 Bxb7 49. Qxc2+ Kh8 50. Qc7 Re8+ 51. Kf4 Ba6 52. h5
Rf8+ 53. Kg3 Bd3 54. f3 Bf5 55. Qe7 Ra8 56. a6 {Time forfeit} 1-0

[Event "Rated Blitz game"]
[Site "?"]
[Date "2021.06.12"]
[Round "?"]
[White "magos33"]
[Black "jer_mal"]
[Result "1-0"]
[WhiteElo "2424"]
[BlackElo "2348"]
[PlyCount "85"]
[EventDate "2021.??.??"]
[EventType "blitz"]

1. e4 e5 2. Nf3 Nc6 3. c3 d5 4. Qa4 Nf6 5. Nxe5 Bd7 6. Nxd7 Qxd7 7. exd5 Qxd5
8. d4 Qe4+ 9. Be3 Ng4 10. Nd2 Qe6 11. Qc4 Qxc4 12. Bxc4 Nxe3 13. fxe3 Bd6 14.
Bb5 O-O-O 15. Bxc6 bxc6 16. Ke2 c5 17. Kd3 cxd4 18. cxd4 c5 19. Rac1 Kb8 20.
Ne4 cxd4 21. Nxd6 Rxd6 22. exd4 Rhd8 23. Rc4 Rb6 24. b3 Rh6 25. h3 Rg6 26. g4
h5 27. Rg1 f5 28. g5 h4 29. Rb4+ Ka8 30. a4 Re6 31. Rf1 g6 32. Rf4 Re1 33. Rxh4
Rg1 34. Rh7 Rxg5 35. Rbb7 Rg3+ 36. Kc4 Rc8+ 37. Kb4 Rb8 38. Rxb8+ Kxb8 39. d5
a5+ 40. Kc4 f4 41. d6 f3 42. Rh8+ Kb7 43. d7 {Normal} 1-0

[Event "Rated Blitz game"]
[Site "?"]
[Date "2021.06.12"]
[Round "?"]
[White "Mortinho"]
[Black "mohammadreza-s"]
[Result "1-0"]
[WhiteElo "2410"]
[BlackElo "2291"]
[PlyCount "99"]
[EventDate "2021.??.??"]
[EventType "blitz"]

1. e4 e5 2. Nf3 Nc6 3. c3 Nf6 4. d4 exd4 5. cxd4 d5 6. e5 Ne4 7. Bb5 Bb4+ 8.
Nbd2 O-O 9. O-O a6 10. Bxc6 bxc6 11. Nxe4 dxe4 12. Ng5 Bf5 13. g4 Bg6 14. Be3
h6 15. Nh3 Qh4 16. Nf4 Kh7 17. a3 Ba5 18. b4 Bb6 19. Ng2 Qh3 20. Nf4 Qh4 21. a4
f5 22. Nxg6 Kxg6 23. gxf5+ Rxf5 24. Qc2 Rg5+ 25. Kh1 Qg4 26. Bxg5 Qf3+ 27. Kg1
Qg4+ 28. Kh1 Qf3+ 29. Kg1 hxg5 30. Qxc6+ Kh7 31. Ra3 Qf5 32. Qxa8 Bxd4 33. Rg3
Bxe5 34. Rg2 g4 35. Re1 Qg6 36. Qxe4 Bf6 37. Qxg6+ Kxg6 38. Rxg4+ Kf5 39. Rge4
Kg6 40. Rc4 a5 41. Rc6 axb4 42. Rb1 b3 43. Rxf6+ Kxf6 44. Rxb3 Ke5 45. Rc3 c6
46. Rxc6 Kd5 47. Rc7 g6 48. Rg7 g5 49. Rg6 g4 50. Rg5+ {Time forfeit} 1-0

[Event "Rated Blitz game"]
[Site "?"]
[Date "2021.06.12"]
[Round "?"]
[White "wilderbaer90"]
[Black "elrond"]
[Result "1-0"]
[WhiteElo "2343"]
[BlackElo "2412"]
[PlyCount "53"]
[EventDate "2021.??.??"]
[EventType "blitz"]

1. e4 e5 2. Nf3 Nc6 3. c3 Nf6 4. d4 exd4 5. e5 Ne4 6. Qe2 Nxf2 7. Qxf2 dxc3 8.
Nxc3 Be7 9. Bc4 O-O 10. O-O b6 11. Kh1 Bb7 12. Bf4 d6 13. exd6 Bxd6 14. Rad1
Bxf4 15. Rxd8 Raxd8 16. Nh4 g5 17. Nf5 Ne5 18. Bb3 Rd2 19. Ne2 Ng4 20. Qe1 Rfd8
21. h3 Ne3 22. Nxe3 Bxe3 23. Rxf7 Kh8 24. Rxc7 Ba8 25. Rxa7 Bf4 26. Rxa8 Rxa8
27. Nxf4 {Normal} 1-0

[Event "Rated Blitz game"]
[Site "?"]
[Date "2021.06.11"]
[Round "?"]
[White "Kingsmission"]
[Black "Silnyy_Voyaka"]
[Result "1-0"]
[WhiteElo "2470"]
[BlackElo "2340"]
[PlyCount "115"]
[EventDate "2021.??.??"]
[EventType "blitz"]

1. e4 e5 2. Nf3 Nc6 3. c3 d5 4. Qa4 dxe4 5. Nxe5 Bd7 6. Nxd7 Qxd7 7. Qxe4+ Be7
8. Bb5 Nf6 9. Bxc6 bxc6 10. Qf3 O-O 11. d4 c5 12. dxc5 Bxc5 13. O-O Rab8 14.
Nd2 Rfe8 15. Nc4 Qd5 16. Qxd5 Nxd5 17. Nd2 Re2 18. Nb3 Bb6 19. Rb1 Rbe8 20. Nd4
Bxd4 21. cxd4 Nb4 22. Be3 f5 23. g3 Nc2 24. Bf4 c6 25. Rfd1 h6 26. h4 Nb4 27.
a3 Nd5 28. Bd2 Kf8 29. Rbc1 R8e6 30. Kf1 R2e4 31. Rc4 Ke7 32. Rdc1 Kd7 33. Ra4
a6 34. Re1 Nc7 35. Rxe4 Rxe4 36. Bf4 c5 37. Bxc7 Kxc7 38. Rc4 Rxd4 39. Rxc5+
Kb6 40. Rxf5 Rd2 41. b4 Ra2 42. Rf3 Kb5 43. Re3 Ka4 44. f4 Rxa3 45. Re6 Kxb4
46. Kf2 a5 47. g4 a4 48. Rb6+ Kc5 49. Rb7 Rh3 50. h5 a3 51. Rxg7 Kd6 52. Ra7
Kd5 53. Kg2 Ke4 54. Kxh3 a2 55. Rxa2 Kxf4 56. Rg2 Kg5 57. Kg3 Kf6 58. Kh4 {
Time forfeit} 1-0

[Event "Rated Blitz game"]
[Site "?"]
[Date "2021.06.11"]
[Round "?"]
[White "Zadokhlik"]
[Black "sdirektor"]
[Result "1-0"]
[WhiteElo "2478"]
[BlackElo "2421"]
[PlyCount "111"]
[EventDate "2021.??.??"]
[EventType "blitz"]

1. e4 e5 2. Nf3 Nc6 3. c3 Nf6 4. d3 d5 5. Nbd2 dxe4 6. dxe4 Bc5 7. Be2 O-O 8.
b4 Bb6 9. Bb2 Re8 10. O-O Bg4 11. Qc2 Qe7 12. Nc4 Rad8 13. a4 a5 14. b5 Bxf3
15. Bxf3 Nb8 16. Ba3 Qe6 17. Nxb6 Qxb6 18. c4 Nbd7 19. c5 Qe6 20. Qc3 b6 21. c6
Nf8 22. Rad1 Ng6 23. g3 h5 24. Qc2 h4 25. Bc1 hxg3 26. hxg3 Rd4 27. Be3 Rc4 28.
Qa2 Nxe4 29. Bxe4 Rxe4 30. Qxe6 fxe6 31. Rd7 Re7 32. Rfd1 Rxa4 33. Bg5 Rf7 34.
Rxf7 Kxf7 35. Rd7+ Kg8 36. Rxc7 Rc4 37. Rb7 a4 38. Rxb6 Kh7 39. Ra6 e4 40. Kf1
Ne5 41. Bf4 Nd3 42. Be3 Nb4 43. Rxa4 Kg6 44. Rxb4 Rxb4 45. c7 Rxb5 46. c8=Q
Rb1+ 47. Kg2 Rb5 48. Qxe6+ Kh7 49. Qxe4+ g6 50. Qe7+ Kg8 51. Qe8+ Kg7 52. Qxb5
Kf6 53. Qe5+ Kf7 54. Kf3 Kg8 55. Bd4 Kh7 56. Qg7# {Normal} 1-0

[Event "Rated Blitz game"]
[Site "?"]
[Date "2021.06.11"]
[Round "?"]
[White "Patzer_Matzer"]
[Black "Sijavush"]
[Result "1-0"]
[WhiteElo "2445"]
[BlackElo "2554"]
[PlyCount "46"]
[EventDate "2021.??.??"]
[EventType "blitz"]

1. e4 e5 2. Nf3 Nc6 3. c3 Nf6 4. Bd3 d5 5. Qe2 dxe4 6. Bxe4 Nxe4 7. Qxe4 Bd6 8.
d4 f5 9. Qe2 e4 10. O-O O-O 11. Ne1 Qh4 12. g3 Qh3 13. Ng2 f4 14. Bxf4 Bg4 15.
Qc4+ Kh8 16. Bxd6 Bf3 17. Ne3 Rf6 18. Bf4 Raf8 19. Re1 Rf5 20. Qf1 Qh5 21. Nxf5
Rxf5 22. Nd2 g5 23. Nxf3 exf3 {Normal} 1-0

[Event "Rated Blitz game"]
[Site "?"]
[Date "2021.06.11"]
[Round "?"]
[White "Medion72"]
[Black "elsas"]
[Result "1-0"]
[WhiteElo "2444"]
[BlackElo "2441"]
[PlyCount "91"]
[EventDate "2021.??.??"]
[EventType "blitz"]

1. e4 e5 2. Nf3 Nc6 3. c3 Nf6 4. d4 d6 5. Bb5 Nxe4 6. d5 a6 7. Be2 Ne7 8. Qa4+
b5 9. Qxe4 f5 10. Qc2 Nxd5 11. Bg5 Be7 12. Bxe7 Qxe7 13. Nbd2 O-O 14. c4 Nf4
15. Bf1 bxc4 16. Bxc4+ Kh8 17. O-O Bb7 18. Rfe1 Qf6 19. Rad1 Qg6 20. g3 Nh3+
21. Kf1 c5 22. Be2 Qh6 23. Nc4 Rad8 24. Ncxe5 dxe5 25. Rxd8 Rxd8 26. Nxe5 Qf6
27. Bc4 Rf8 28. Qc3 h6 29. f4 Kh7 30. Nd7 Qxc3 31. Nxf8+ Kh8 32. bxc3 g5 33.
fxg5 Nxg5 34. Re7 Be4 35. h4 f4 36. hxg5 hxg5 37. Rh7+ Bxh7 38. Nxh7 Kxh7 39.
gxf4 gxf4 40. Kf2 a5 41. Kf3 Kg6 42. Kxf4 Kf6 43. Ke4 Ke7 44. Kd5 Kd7 45. Kxc5
Kc7 46. Kb5 {Normal} 1-0

[Event "Rated Blitz game"]
[Site "?"]
[Date "2021.06.11"]
[Round "?"]
[White "BirdSetFree7"]
[Black "m_sakha"]
[Result "1-0"]
[WhiteElo "2436"]
[BlackElo "2461"]
[PlyCount "101"]
[EventDate "2021.??.??"]
[EventType "blitz"]

1. e4 e5 2. Nf3 Nc6 3. c3 Nf6 4. Bd3 d5 5. exd5 Qxd5 6. Bc2 Bc5 7. d3 O-O 8. h3
Bf5 9. b4 Bb6 10. O-O Rad8 11. c4 Qd7 12. b5 Nd4 13. Nxe5 Qe6 14. Re1 Nxc2 15.
Qxc2 Bd4 16. Bb2 Rfe8 17. Bxd4 Rxd4 18. Nf3 Qxe1+ 19. Nxe1 Rxe1+ 20. Kh2 Rxd3
21. Qb2 Rdd1 22. a4 h5 23. Kg3 Ne4+ 24. Kf4 g6 25. g4 hxg4 26. hxg4 Be6 27. Nc3
g5+ 28. Kf3 Nxc3 29. Rxd1 Nxd1 30. Qf6 Rg1 31. Qxg5+ Kf8 32. Qd8+ Kg7 33. Qxc7
Bxg4+ 34. Kf4 Be6 35. Qe5+ Kg6 36. Qe4+ Kg7 37. Qxb7 Nb2 38. Qxa7 Nxc4 39. b6
Rg4+ 40. Kf3 Ne5+ 41. Ke2 Rb4 42. b7 Nc6 43. Qc5 Rb2+ 44. Kf3 Nb8 45. Qc7 Na6
46. Qe5+ Kf8 47. Qxb2 Bd5+ 48. Kf4 Nc5 49. Qb4 Ke8 50. Qxc5 Bxb7 51. Qb5+ {
Normal} 1-0